00967nam a22002775a 450000500170000000800410001702000180005802000180007602000180009404000380011208200220015010000240017224500530019626000340024930000380028350000250032150400410034659000180038765000460040565000360045165100100048765300240049794200080052199900170052995201430054620161117140436.0161103t2016 enka frb 001 0 eng d a9781138858411 a9781138858404 a9781315718033 aEG-ScBUEbengcEG-ScBUEdEG-ScBUE04a333.7924bROT2221 aRothwell, Geoffrey.10aEconomics of nuclear power /cGeoffrey Rothwell. aNew York :bRoutledge,c2016. axxxviii, 234 p. :bill. ;c23 cm. aIndex : p. 227-234.  aIncludes bibliographical references. aSuzan Ashmawy 7aNuclear energy.xEconomic aspects.2BUEsh 7aNuclear industry.2BUEsh935819 2BUEsh bBUSECOcOctober2016 2ddc c23020d22992 00102ddc40708BaccahaMAINbMAINc1STd2016-11-03ePurchaseg675.00h25140l0o333.7924 ROTp000045106r2025-07-15 00:00:00v843.75yBB